Представление документа в формате RUSMARC

ПолеНазваниеЗначение
  Тип записи a
  Библиографический уровень c
001 Контрольный номер RU/SLIB/B/208750495
005 Дата корректировки 20201206204129.4
010 Индекс ISBN __
d Цена 48000-00
101 Язык документа __
a Язык текста rus
200 Заглавие и сведения об ответственности 0_
a Заглавие Латинско-русский словарь
f Первые сведения об ответственности Петрученко О. ; авт.-сост. О. Петрученко
b Общее обозначение материала Текст
205 Сведения об издании __
b Дополнительные сведения об издании Репр. изд. 1914 г.
210 Выходные данные __
a Место издания М.
c Издательство [б. и.]
d Дата издания 1994
215 Физическое описание __
a Объем 810 с.
606 Тематические рубрики __
a Основная рубрика Языкознание
606 Тематические рубрики __
a Основная рубрика Италийские языки
610 Ключевые слова __
a Ключевые слова латинский язык; иностранные языки
686 Индексы других классификаций __
a Классификационный индекс 81.2Лат-4
700 Автор __
a Фамилия Петрученко
b Имя О.
4 Код отношения 070
702 Вторичная интеллектуальная ответственность __
a Фамилия Петрученко
b Имя О.
4 Код отношения Автор-составитель
801 Источник записи _0
a Страна RU
b Организация Муниципальное бюджетное учреждение культуры "Централизованная библиотечная система" г. Сургут (Центральная городская библиотека им. А. С. Пушкина)
g Правила каталогизации КиК/Елгина
801 Источник записи _1
a Страна RU
b Организация Муниципальное бюджетное учреждение культуры "Централизованная библиотечная система" г. Сургут (Центральная городская библиотека им. А. С. Пушкина)
g Правила каталогизации КиК/Елгина
852 Данные о местонахождении __
j Шифр хранения 81.2Лат-4
c Каталожный индекс 81.2Лат-4
i Авторский знак П 31
p Инвентарный номер 53012
901 Тип документа __
t Тип документа x
969 Тип издания __
a Тип издания словарь
990 Данные о заказе (DOS) __
j Количество экземпляров (DOS) 4